000 01149cam a22003497a 4500
003 CHAP
005 20220329134243.0
008 971013s1980 r 00010 d
010 _a17666
011 _a18638
035 _a22723
040 _cCHAP
082 _a631.455
_bB58
100 0 0 _aBiswas, Margaret R.
_912957
245 0 _aDesertification
_cby Margaret R. Biswas
260 _aOxford :
_bPergamon,
_c1980
300 _a523 p.
_b: ilus. ; mapas ; gráfs.
490 0 _aEnvironmental science and applications
_v; 12
590 _aBATCH-UPD
_b10
_c20130109
_lUCH01
_h2342
590 _aBATCH-UPD
_b10
_c20130110
_lUCH01
_h1803
590 _aBATCH-UPD
_b10
_c20130410
_lUCH01
_h1138
590 _aBATCH-UPD
_b10
_c20130914
_lUCH01
_h0641
590 _aCONVERSION
_b10
_c20130109
_lUCH01
_h1311
650 1 4 _aDesiertos.
_932143
650 1 4 _aErosión.
_937335
700 0 _aBiswas, Asit K.
_912955
830 0 _aEnvironmental science and applications
_v; 12
_937184
901 _aBK
942 _cLIBRO
949 _a631.455 B58
_bBC
_cLIBRO
_d-53141
_eLIBRO
_h56714
_i22723
_si
949 _a631.455 B58
_bBC
_cLIBRO
_d-53142
_eLIBRO
_fc.2
_h56715
_i22723
_si
999 _c17666
_d17666